000 00742nam a2200217Ia 4500
003 GCL
008 140319s9999 xx 000 0 ara d
040 _aGCL /
_cGCL
082 0 4 _a150
_bم م
100 1 _aمصطفى فهمى
245 1 0 _aمجالات علم النفس علم النفس الاجتماعى علم النفس فى الصناعة والانتاج القومى . /
_cمصطفى فهمى
260 _a[S.N] :
_bمكتبة مصر
300 _a427 ص
490 _aفى علم النفس
_v0
650 0 4 _aالاطفال
650 0 4 _aعلم النفس
650 0 4 _aعلم النفس العلاجى
650 0 4 _aعلم النفس الاجتماعى
650 0 4 _aعلم النفس الصناعى
942 _2ddc
_cBK
999 _c36238
_d36238